Teaching content reading and writing / (رقم التسجيلة. 17488)

تفاصيل مارك
000 -الفاتح
حقل البيانات ثابتة الطول 01304cam a2200337 a 4500
001 - رقم الضبط
رقم الضبط 12268035
003 - محدد رقم الضبط
رقم الضبط OSt
005 - وقت وتاريخ اخر تعامل مع التسجيلة
رقم الضبط 20150408113939.0
008 - عناصر البيانات ثابتة الطول - معلومات عامة
حقل البيانات ثابتة الطول 010102s2001 nyua b 001 0 eng
010 ## - رقم ضبط مكتبة الكونجرس
رقم ضبط مكتبة الكونجرس 2001265983
020 ## - الرقم الدولى المعيارى للكتب
الرقم الدولى المعيارى للكتاب 0471366749 (alk. paper)
040 ## - مصدر الفهرسة
وكالة الفهرسة الأصلية DLC
وكالة النسخ DLC
وكالة التعديل DLC
043 ## - رمز المنطقة الجغرافية
رمز المنطقة الجغرافية n-us---
050 00 - رقم طلب مكتبة الكونجرس
رقم التصنيف LB1050.455
رقم المادة .R84 2001
082 ## - رقم تصنيف ديوى العشرى
رقم الطبعة 21
رقم التصنيف 372.476
100 1# - المدخل الرئيسى - إسم شخصى
الإسم الشخصى Ruddell, Martha Rapp.
9 (RLIN) 5610
245 10 - بيان العنوان
العنوان Teaching content reading and writing /
بيان المسئوليه,etc Martha Rapp Ruddell.
250 ## - بيان الطبعة
بيان الطبعة 3rd ed.
260 ## - PUBLICATION, DISTRIBUTION, ETC. (IMPRINT)
مكان الناشر او الموزع New York :
اسم الناشر او الموزع Wiley,
تاريخ النشر أو التوزيع c2001.
300 ## - الوصف المادى
التعداد xv, 463 p. :
تفاصيل ماديه اخرى للوعاء ill. ;
أبعاد الوعاء 25 cm.
440 #0 - بيان السلسلة/مدخل إضافى-العنوان
العنوان Wiley education
9 (RLIN) 5611
504 ## - تبصرة ببليوجرافية
تبصرة ببليوجرافية,الخ Includes bibliographical references and index.
650 #0 - المدخل الاضافى بالموضوع-مصطلح موضوعى
مصطلح موضوعي أو اسم جغرافي كعنصر مدخل Content area reading
التقسيم الفرعي الجغرافي United States.
9 (RLIN) 5612
650 #0 - المدخل الاضافى بالموضوع-مصطلح موضوعى
مصطلح موضوعي أو اسم جغرافي كعنصر مدخل Language arts
التقسيم الفرعي العام Correlation with content subjects
التقسيم الفرعي الجغرافي United States.
9 (RLIN) 5613
650 #0 - المدخل الاضافى بالموضوع-مصطلح موضوعى
مصطلح موضوعي أو اسم جغرافي كعنصر مدخل Literacy
التقسيم الفرعي الجغرافي United States.
9 (RLIN) 5614
856 42 - الوصول و الموقع الالكترونى
مواد محددة Contributor biographical information
معرف المصدر الموحد <a href="http://www.loc.gov/catdir/bios/wiley042/2001265983.html">http://www.loc.gov/catdir/bios/wiley042/2001265983.html</a>
856 42 - الوصول و الموقع الالكترونى
مواد محددة Publisher description
معرف المصدر الموحد <a href="http://www.loc.gov/catdir/description/wiley034/2001265983.html">http://www.loc.gov/catdir/description/wiley034/2001265983.html</a>
856 4# - الوصول و الموقع الالكترونى
مواد محددة Table of Contents
معرف المصدر الموحد <a href="http://www.loc.gov/catdir/toc/onix05/2001265983.html">http://www.loc.gov/catdir/toc/onix05/2001265983.html</a>
942 ## - عناصر المدخل الإضافي( كوها)
مصدر التصنيف او مخطط الترفيف Dewey Decimal Classification
Koha [default] item type كتاب
المقتنيات
حالة الفقد نموذج السعر الفعال حالة تلف ليس للاعارة رقم الطلب تاريخ الاكتساب الموقع الحالي الباركود الفرع الرئيسي Date last seen نوع المادة فى نظام كوها مصدر التصنيف او خطة الترفيف Total Checkouts
  2013-03-10     372.476 R M T 2011-10-26 المكتبة المركزية بالمجمعة (CL) 00050219 المكتبة المركزية بالمجمعة (CL) 2013-03-10 كتاب Dewey Decimal Classification  
  2013-03-10     372.476 R M T 2011-10-26 المكتبة المركزية بالمجمعة (CL) 00050218 المكتبة المركزية بالمجمعة (CL) 2013-03-10 كتاب Dewey Decimal Classification  
  2013-03-10     372.476 R M T 2011-10-26 المكتبة المركزية بالمجمعة (CL) 00050221 المكتبة المركزية بالمجمعة (CL) 2013-03-10 كتاب Dewey Decimal Classification